000
00239nam a22000977a 4500
100
_a
Mudgal,Hariom
_9
79901
245
_a
A Complete Book of Upnishad
260
_a
Guwahati
_b
Kritika Marketing
_c
2019
650
_a
Religions
_9
80048
942
_c
BK
999
_c
63545
_d
63545